| 000 | 00830nam a2200265 u 4500 | ||
|---|---|---|---|
| 005 | 20240925065623.0 | ||
| 008 | 160224s2014 mx r 000 0 spa d | ||
| 020 | _a9786071618672 | ||
| 035 | _aUPN01000208390 | ||
| 049 | _aCG | ||
| 050 | 4 |
_aHM57 _bW4.38 2014 |
|
| 100 | 1 |
_aWeber, Max, _d1864-1920 |
|
| 245 | 1 | 0 |
_aEconomía y sociedad / _cMax Weber ; tr. José Medina Echavarría. |
| 250 | _aNueva ed. rev., comentada y anotada | ||
| 260 |
_aMéxico : _bFCE, _c2014. |
||
| 300 | _a1452 p. | ||
| 440 | 0 | _aSección de obras de sociología | |
| 534 |
_pTítulo original: _tWirtschaft und gesellschaft |
||
| 590 | _a(También localizas un ejemplar en el "Area de Reserva") | ||
| 590 | _aBibliografía básica (BGTQ) | ||
| 650 | 4 |
_aEconomía _911541 |
|
| 650 | 4 |
_aSociología _95756 |
|
| 905 | _aLibro | ||
| 999 |
_c180491 _d180491 |
||